<?xml version="1.0" encoding="UTF-8"?>
<collection xmlns="http://www.loc.gov/MARC21/slim">
  <record>
    <leader>00000nam  2200000   4500</leader>
    <controlfield tag="001">INLIS000000000014626</controlfield>
    <controlfield tag="005">20220924052955</controlfield>
    <datafield tag="035" ind1="#" ind2="#">
      <subfield code="a">0010-0922001388</subfield>
    </datafield>
    <controlfield tag="001">INLIS000000000014625</controlfield>
    <controlfield tag="005">20220924051438</controlfield>
    <datafield tag="035" ind1="#" ind2="#">
      <subfield code="a">0010-0922001387</subfield>
    </datafield>
    <datafield tag="245" ind1="1" ind2="#">
      <subfield code="a">Pemungutan Penerimaan Pendapatan Pajak Daerah (PAK' DE)  Badan Pendapatan Daerah Kabupaten Kutai Timur /</subfield>
      <subfield code="c">Andi Nur Hadi Putra, SE., MM</subfield>
    </datafield>
    <datafield tag="100" ind1="1" ind2="#">
      <subfield code="a">PUTRA, Andi Nur Hadi</subfield>
    </datafield>
    <datafield tag="250" ind1="#" ind2="#">
      <subfield code="a">1</subfield>
    </datafield>
    <datafield tag="300" ind1="#" ind2="#">
      <subfield code="a">19 halaman :</subfield>
      <subfield code="b">ilustrasi ;</subfield>
      <subfield code="c">30 cm</subfield>
    </datafield>
    <datafield tag="260" ind1="#" ind2="#">
      <subfield code="a">Samarinda :</subfield>
      <subfield code="b">Puslatbang KDOD,</subfield>
      <subfield code="c">2021</subfield>
    </datafield>
    <datafield tag="084" ind1="#" ind2="#">
      <subfield code="a">PKA 087 2021</subfield>
    </datafield>
    <datafield tag="650" ind1="#" ind2="4">
      <subfield code="a">Proyek Perubahan</subfield>
    </datafield>
    <datafield tag="650" ind1="#" ind2="4">
      <subfield code="a">Administrator</subfield>
    </datafield>
    <datafield tag="650" ind1="#" ind2="4">
      <subfield code="a">sistem informasi</subfield>
    </datafield>
    <datafield tag="650" ind1="#" ind2="4">
      <subfield code="a">manajemen kinerja</subfield>
    </datafield>
    <datafield tag="650" ind1="#" ind2="4">
      <subfield code="a">manajemen database</subfield>
    </datafield>
    <datafield tag="650" ind1="#" ind2="4">
      <subfield code="a">inovasi pemerintah</subfield>
    </datafield>
    <datafield tag="650" ind1="#" ind2="4">
      <subfield code="a">layanan pajak</subfield>
    </datafield>
    <datafield tag="650" ind1="#" ind2="4">
      <subfield code="a">kinerja organisasi</subfield>
    </datafield>
    <datafield tag="500" ind1="#" ind2="#">
      <subfield code="a">Coach : Muhammad Abdi Rahman, S.Sos, M.Si&#13;
Penguji : Meita Ahadiyati Kartikaningsih, S.Si, MPP,Ph.D&#13;
Mentor : Dr. H. Suko Buono, M.Si</subfield>
    </datafield>
    <datafield tag="520" ind1="#" ind2="#">
      <subfield code="a">Laporan proyek perubahan ini menjelaskan masalah belum optimalnya kinerja organisasi dalam pelaksanaan pemungutan Penerimaan Pendapatan Pajak Asli Daerah karena belum terintegrasinya data wajib pajak dan koordinasi lintas sektor pelayanaan pemungutan penerimaan pajak daerah. Inovasi Pemungutan Penerimaan Pendapatan Pajak Daerah (PAK’DE) adalah regulasi terbarukan tentang optimalisasi pemungutan penerimaan pajak daerah bagi organisasi pemerintah Kabupaten dan jejaring organisasi perbankan serta pelaku usaha  sehingga terlaksananya koordinasi dan sinkronisasi lintas sektor secara integrasi dan terpadu dalam pelayanan, tersedianya informasi tentang potensi pajak dan terukurnya penerimaan pajak asli daerah kabupaten Kutai Timur.</subfield>
    </datafield>
    <datafield tag="990" ind1="#" ind2="#">
      <subfield code="a">PKA/087/2021</subfield>
    </datafield>
  </record>
</collection>
